000 00204nam a2200097Ia 4500
008 190216s9999||||xx |||||||||||||| ||und||
100 _aPuthezham
245 0 _aKunguma Chepp
260 _bNull
942 _cBK
999 _c23781
_d23781